[Event "Challenge"]
[Site "http://www.queenalice.com/game.php?id=586219"]
[Date "2009.5.10"]
[Round "-"]
[White "GMkozakov"]
[Black "Bergman"]
[Result "0-1"]
[WhiteElo "2382"]
[BlackElo "2617"]

1. Nf3 Nf6 2. d4 d5 3. e3 e6 4. Bd3 c5 5. c3 Be7 6. Nbd2 b6 7. Ne5 Bb7 8. f4
Nbd7 9. Qf3 Qc7 10. Nf1 a5 11. g4 O-O 12. Ng3 Nxe5 13. fxe5 Nd7 14. Qg2 g6 15.
Qh3 f6 16. exf6 Nxf6 17. g5 Ne4 18. Nxe4 dxe4 19. Bc4 cxd4 20. Bxe6+ Kg7 21.
exd4 Rf3 22. Qh6+ Kh8 23. Rf1 Raf8 0-1

[Event "rapinha, terminar já"]
[Site "http://www.queenalice.com/game.php?id=609536"]
[Date "2009.6.27"]
[Round "-"]
[White "mulher_aranha"]
[Black "GMkozakov"]
[Result "0-1"]
[WhiteElo "1929"]
[BlackElo "2403"]

1. e4 e6 2. Nc3 d5 3. d4 dxe4 4. Nxe4 Qd5 5. Nc3 Bb4 6. Qg4 Kf8 7. Bd2 Qd8 8.
Nf3 e5 9. Qe4 exd4 10. Qxd4 Qe7+ 11. Be2 Nc6 12. Qc4 Nf6 13. O-O-O Be6 14. Qb5
Rb8 15. Ng5 a6 16. Qd3 Bxc3 17. Bxc3 Bxa2 18. b3 Qc5 19. Qg3 h6 20. Bxf6 gxf6
21. Ne4 Qa3+ 22. Kd2 Qb4+ 23. Nc3 Re8 24. Ke1 Nd4 25. Qd3 Rxe2+ 26. Kf1 Rxc2 27.
Nxa2 Rxa2 28. h4 Qb5 29. Qxb5 Nxb5 30. Rh3 Nd6 31. Re1 Rg8 32. Rc3 Rg4 33. Rxc7
Ne4 34. Kg1 Nxf2 35. Rc8+ Kg7 36. Ree8 Rxh4 37. Rg8+ Kh7 0-1

[Event "AUTO-OPEN-1235"]
[Site "http://www.queenalice.com/game.php?id=651585"]
[Date "2009.9.13"]
[Round "3"]
[White "GMkozakov"]
[Black "whyBish"]
[Result "1-0"]
[WhiteElo "2409"]
[BlackElo "2028"]

1. d4 Nf6 2. c4 e6 3. Nf3 Bb4+ 4. Bd2 Qe7 5. Qb3 Bxd2+ 6. Nbxd2 d6 7. g3 O-O 8.
Bg2 e5 9. O-O a5 10. Rad1 Nc6 11. e3 h6 12. Nb1 e4 13. Nfd2 Bf5 14. Nc3 a4 15.
Nxa4 b6 16. Nc3 Na5 17. Qc2 Rfe8 18. Nd5 Nxd5 19. cxd5 Bg6 20. Rc1 Rac8 21. Bh3
f5 22. f3 Bf7 23. Bxf5 exf3 24. e4 1-0

[Event "AUTO-OPEN-1235"]
[Site "http://www.queenalice.com/game.php?id=651586"]
[Date "2009.9.13"]
[Round "3"]
[White "whyBish"]
[Black "GMkozakov"]
[Result "0-1"]
[WhiteElo "2019"]
[BlackElo "2408"]

1. e4 e6 2. d4 d5 3. Nd2 dxe4 4. Nxe4 Qd5 5. Bd3 Nf6 6. Nxf6+ gxf6 7. Qf3 Qxd4
8. Ne2 Qe5 9. Be4 c6 10. Nc3 f5 11. Bf4 Qc5 12. Bd3 Bg7 13. Bd2 Nd7 14. O-O-O
Ne5 15. Qg3 Nxd3+ 16. cxd3 Be5 17. Qh4 Bd4 18. f3 e5 19. Kb1 Be6 20. Rc1 Qa5 21.
Qf6 Kd7 22. f4 Rhg8 23. g3 Bxc3 24. Bxc3 Qxa2+ 25. Kc2 exf4 26. Qd4+ Bd5 27.
gxf4 Rg2+ 28. Bd2 c5 0-1

[Event "Challenge"]
[Site "http://www.queenalice.com/game.php?id=706805"]
[Date "2010.1.1"]
[Round "-"]
[White "isaacfieri"]
[Black "GMkozakov"]
[Result "1-0"]
[WhiteElo "2433"]
[BlackElo "2377"]

1. c4 e5 2. Nc3 Nc6 3. g3 g6 4. Bg2 Bg7 5. Nf3 Nge7 6. O-O O-O 7. d3 d6 8. Rb1
f5 9. Bd2 f4 10. b4 a6 11. b5 axb5 12. cxb5 Nd4 13. Nxd4 exd4 14. Nd5 fxg3 15.
fxg3 Rxf1+ 16. Qxf1 h6 17. Bxh6 Bxh6 18. Qf6 1-0

[Event "Challenge"]
[Site "http://www.queenalice.com/game.php?id=706807"]
[Date "2010.1.1"]
[Round "-"]
[White "pensalo"]
[Black "GMkozakov"]
[Result "1/2-1/2"]
[WhiteElo "2345"]
[BlackElo "2369"]

1. e4 d5 2. exd5 Nf6 3. d4 Nxd5 4. Bc4 Nb6 5. Bb3 Nc6 6. Nf3 Na5 7. O-O Nxb3 8.
axb3 Bg4 9. h3 Bh5 10. c3 e6 11. Nbd2 Nd5 12. Qc2 c5 13. dxc5 Bxc5 14. b4 Bb6
15. c4 Nf4 16. Ra3 Ne2+ 17. Kh1 O-O 18. c5 Bc7 19. Qe4 Nxc1 20. Rxc1 Qd5 21.
Qxd5 1/2-1/2

[Event "Challenge"]
[Site "http://www.queenalice.com/game.php?id=706809"]
[Date "2010.1.1"]
[Round "-"]
[White "GMkozakov"]
[Black "darewing"]
[Result "0-1"]
[WhiteElo "2407"]
[BlackElo "2413"]

1. d4 Nf6 2. c4 g6 3. Nc3 Bg7 4. e4 d6 5. Be3 O-O 6. f3 c5 7. dxc5 dxc5 8. Bxc5
Qc7 9. Ba3 Rd8 10. Qc2 Be6 11. Nb5 Qb6 12. Bxe7 Rd7 13. Ba3 Nc6 14. Be2 Nh5 15.
Kf1 Nf4 16. Rd1 Rxd1+ 17. Bxd1 Rd8 18. b3 Bh6 19. Nc3 Rd3 20. Nge2 Rxf3+ 0-1

[Event "AUTO-ELITE-468"]
[Site "http://www.queenalice.com/game.php?id=706965"]
[Date "2010.1.1"]
[Round "1"]
[White "BEBADO"]
[Black "GMkozakov"]
[Result "0-1"]
[WhiteElo "2157"]
[BlackElo "2367"]

1. e4 c5 2. Nf3 d6 3. d4 cxd4 4. Nxd4 Nc6 5. Nc3 g6 6. Be3 Bg7 7. Qd2 Nf6 8. f3
Bd7 9. O-O-O a6 10. g4 h6 11. Kb1 Ne5 12. h4 Rc8 13. Nd5 Nxd5 14. exd5 Qc7 15.
Qf2 Bxg4 16. fxg4 Nxg4 17. Qd2 Nxe3 18. Qxe3 Bxd4 19. Bb5+ axb5 20. Qxd4 Qxc2+
21. Ka1 O-O 22. Qe3 Ra8 23. Rd3 Rxa2+ 24. Kxa2 b4 25. Rc1 Ra8+ 26. Ra3 Rxa3+ 27.
Qxa3 Qxc1 28. Qxb4 f5 29. Qxb7 Qc4+ 30. b3 Qxh4 31. b4 Qc4+ 32. Ka3 Kf7 33. b5
f4 34. b6 f3 35. Qc7 Qa6+ 36. Kb4 f2 37. b7 f1=Q 38. b8=Q Qb1+ 39. Kc3 Qad3# 0-1

[Event "AUTO-ELITE-468"]
[Site "http://www.queenalice.com/game.php?id=706966"]
[Date "2010.1.1"]
[Round "1"]
[White "GMkozakov"]
[Black "BEBADO"]
[Result "1-0"]
[WhiteElo "2371"]
[BlackElo "2185"]

1. d4 Nf6 2. c4 e6 3. Nf3 Bb4+ 4. Bd2 Bxd2+ 5. Nbxd2 Qe7 6. e4 d6 7. Qa4+ Nfd7
8. Rd1 e5 9. dxe5 dxe5 10. b4 O-O 11. c5 Re8 12. Bc4 Nf8 13. Qb3 Nc6 14. O-O Bg4
15. h3 Bh5 16. Qb2 a5 17. b5 Nd4 18. Nxd4 Bxd1 19. Nf5 Qxc5 20. Rxd1 Rad8 21.
Rc1 Qb6 22. Bb3 Ng6 23. Nc4 Qf6 24. Nxa5 Qg5 25. Bxf7+ Kxf7 26. Qb3+ Kf8 27.
Rxc7 Qf6 28. Nxb7 Rd2 29. Qb4+ 1-0

[Event "AUTO-ELITE-468"]
[Site "http://www.queenalice.com/game.php?id=706971"]
[Date "2010.1.1"]
[Round "1"]
[White "GMkozakov"]
[Black "Chuzete"]
[Result "0-1"]
[WhiteElo "2398"]
[BlackElo "2287"]

1. d4 Nf6 2. c4 g6 3. Nc3 Bg7 4. e4 d6 5. Be3 O-O 6. f3 e5 7. d5 c6 8. Nge2 cxd5
9. cxd5 a6 10. Qd2 Nbd7 11. g4 h5 12. gxh5 Nxh5 13. Ng3 Ndf6 14. Rg1 b5 15. Bd3
Nf4 16. Bxf4 exf4 17. Qxf4 Qc7 18. Nge2 b4 19. Nd1 Nd7 20. Rc1 Qa5 21. Bb1 b3+
22. Qd2 Qd8 23. axb3 Qh4+ 24. Ng3 Rb8 25. Rc7 Rxb3 26. Qc2 Bd4 27. Rf1 Rb8 28.
Rc4 Bc5 29. f4 a5 30. Rf3 Ba6 31. Ra4 Rfc8 32. Ra1 Bb4+ 33. Nc3 Nc5 34. Qf2 Qh8
35. Kd1 Nb3 36. Ra2 Bxc3 37. bxc3 Rxc3 0-1

[Event "AUTO-ELITE-468"]
[Site "http://www.queenalice.com/game.php?id=706972"]
[Date "2010.1.1"]
[Round "1"]
[White "Chuzete"]
[Black "GMkozakov"]
[Result "1/2-1/2"]
[WhiteElo "2283"]
[BlackElo "2410"]

1. e4 c5 2. Nf3 d6 3. d4 cxd4 4. Nxd4 Nc6 5. Nc3 g6 6. Be3 Bg7 7. Qd2 Nf6 8. f3
Bd7 9. O-O-O a6 10. g4 Rc8 11. h4 h6 12. Nxc6 Bxc6 13. Bd4 b5 14. Kb1 e5 15. Be3
b4 1/2-1/2

[Event "AUTO-ELITE-486"]
[Site "http://www.queenalice.com/game.php?id=722079"]
[Date "2010.1.29"]
[Round "1"]
[White "Miguelname"]
[Black "GMkozakov"]
[Result "0-1"]
[WhiteElo "2430"]
[BlackElo "2372"]

1. d4 Nf6 2. c4 e6 3. Nf3 Bb4+ 4. Bd2 Bxd2+ 5. Qxd2 O-O 6. g3 d5 7. Bg2 Nbd7 8.
O-O c6 9. Qc2 Qe7 10. Nbd2 e5 11. cxd5 Nxd5 12. dxe5 Nxe5 13. Nxe5 Qxe5 14. Nc4
Qe7 15. a3 Be6 16. Rfd1 Rad8 17. e4 Nc7 18. Ne5 Nb5 19. Nf3 Bg4 20. a4 Nc7 21.
Qc4 Ne6 22. a5 Rfe8 23. Rxd8 Rxd8 24. Qc3 Bxf3 25. Bxf3 Nd4 26. Re1 Nb5 27. Qc4
Rd4 28. Qc1 Qb4 29. a6 bxa6 30. Kg2 Rd8 31. Rd1 Rxd1 32. Qxd1 Nd4 33. Qd3 a5 0-1

[Event "AUTO-ELITE-486"]
[Site "http://www.queenalice.com/game.php?id=722080"]
[Date "2010.1.29"]
[Round "1"]
[White "GMkozakov"]
[Black "Miguelname"]
[Result "1/2-1/2"]
[WhiteElo "2367"]
[BlackElo "2417"]

1. d4 d5 2. c4 c6 3. Nc3 Nf6 4. Nf3 e6 5. Bf4 Nbd7 6. e3 Be7 7. Bd3 dxc4 8. Bxc4
Nd5 9. Bg3 N7f6 10. O-O Nh5 11. Ne2 O-O 12. Rc1 f6 13. e4 Nb6 14. Bb3 g5 15. Qc2
a5 16. a4 Bd7 17. Rfd1 Nxg3 18. Nxg3 Kh8 1/2-1/2

[Event "AUTO-ELITE-486"]
[Site "http://www.queenalice.com/game.php?id=722085"]
[Date "2010.1.29"]
[Round "1"]
[White "GMkozakov"]
[Black "PackoJones"]
[Result "0-1"]
[WhiteElo "2373"]
[BlackElo "2566"]

1. f4 d5 2. Nf3 g6 3. e3 Nf6 4. Be2 Bg7 5. O-O O-O 6. d3 c5 7. Qe1 Nc6 8. Qh4
Be6 9. Nbd2 h6 10. c3 d4 11. Ne5 Nd5 12. Ne4 Nxe5 13. fxe5 dxc3 14. bxc3 Bf5 15.
Nxc5 Nxc3 16. Bf3 Bxd3 17. Rf2 Bf5 18. Bb2 Rc8 19. Bxc3 Rxc5 20. Bd4 Rb5 21.
Bxa7 Bxe5 22. Rd1 Qc7 23. e4 Be6 24. Be3 h5 25. Be2 Rb2 26. Rc1 Qb8 27. a3 Rb3
28. Bh6 Rc8 29. Kh1 Rxc1+ 30. Bxc1 Qc7 31. Rf1 Qc2 32. Qf2 b5 33. Re1 Bc4 0-1

[Event "AUTO-ELITE-486"]
[Site "http://www.queenalice.com/game.php?id=722086"]
[Date "2010.1.29"]
[Round "1"]
[White "PackoJones"]
[Black "GMkozakov"]
[Result "1/2-1/2"]
[WhiteElo "2510"]
[BlackElo "2368"]

1. e4 c5 2. Nf3 g6 3. c4 Bg7 4. d4 cxd4 5. Nxd4 Nc6 6. Be3 Nf6 7. Nc3 O-O 8. Be2
d6 9. O-O Bd7 10. Qd2 Nxd4 11. Bxd4 Bc6 12. f3 a5 13. b3 Nd7 14. Be3 Nc5 15.
Rab1 Qb6 16. Rfc1 Rfc8 17. Rc2 Qd8 18. Bf1 Be5 19. Nd1 Qe8 20. Nf2 h5 21. Rd1
Bh8 22. Nd3 b6 23. Nf4 Rab8 24. Qf2 Be5 25. Nd3 Bg7 26. Nc1 Ba8 27. Ne2 Rc7 28.
g3 b5 29. Nf4 b4 30. Nd3 Nxd3 31. Bxd3 Rc6 32. Bf1 Qc8 33. Kg2 Bc3 34. Rd5 Ra6
35. Rb5 a4 36. Rxc3 bxc3 37. b4 Rb7 38. Qc2 Rc6 39. Qxa4 Rxb5 40. cxb5 Rc7 41.
b6 Rd7 42. Bb5 Rd8 43. Ba6 Bb7 44. Bxb7 Qxb7 45. Qa7 Qc6 46. b7 Qb5 47. Qa8 Qe8
48. Qa5 Qd7 49. b5 Rb8 50. Qxc3 Qxb7 51. a4 Rc8 52. Qb3 Qc7 53. Bf2 Qa5 54. b6
Qa6 55. Qd1 Rc4 56. Qb1 Rc8 57. Qd1 Rc4 58. Qb1 1/2-1/2